[Event "BAR-ch"]
[Site "Bridgetown"]
[Date "2005.09.28"]
[Round "6"]
[White "Gilkes, Dwayne"]
[Black "Corbin, Philip"]
[Result "1-0"]
[WhiteElo "1939"]
[BlackElo "2243"]
[PlyCount "97"]
[EventDate "2005.09.17"]
[EventType "tourn"]
[EventRounds "11"]
[EventCountry "BAR"]
[SourceTitle "EXT 2015"]
[Source "ChessBase"]
[SourceDate "2014.11.20"]
[SourceVersion "1"]
[SourceVersionDate "2014.11.20"]
[SourceQuality "1"]

1. d4 Nf6 2. c4 e5 3. dxe5 Ne4 4. Nf3 Nc6 5. Qd5 Bb4+ 6. Bd2 Nxd2 7. Nbxd2 Qe7 8. Rd1 0-0 9. e3 Re8 10. Be2 a5 11. a3 Bxd2+ 12. Rxd2 a4 13. Bd3 Ra5 14. Qe4 g6 15. Be2 Nxe5 16. Nxe5 Rxe5 17. Qc2 d6 18. Qxa4 Bd7 19. Qd1 f5 20. Rd4 Bc6 21. 0-0 g5 22. Bf3 g4 23. Bd5+ Kh8 24. Bxc6 bxc6 25. Rf4 Qg5 26. b4 R8e6 27. g3 Rh6 28. Kg2 Rh3 29. Qd4 Kg8 30. a4 c5 31. bxc5 Rxc5 32. e4 Qh5 33. Rh1 Qe8 34. exf5 Qc6+ 35. Kg1 h5 36. f6 Re5 37. Qd1 Kf7 38. Qb1 Kf8 39. f7 Qa8 40. Qa1 Qa5 41. Kf1 Qa8 42. Rg1 Rxh2 43. Qb1 Rh1 44. Qc1 Rxg1+ 45. Kxg1 Qa5 46. Kf1 Qxa4 47. Rf6 Rg5 48. Qxg5 Qxc4+ 49. Kg1 1-0

[Event "BAR-ch"]
[Site "Bridgetown"]
[Date "2005.09.24"]
[Round "4"]
[White "Austin, Dirk"]
[Black "Corbin, Philip"]
[Result "0-1"]
[WhiteElo "2180"]
[BlackElo "2243"]
[PlyCount "54"]
[EventDate "2005.09.17"]
[EventType "tourn"]
[EventRounds "11"]
[EventCountry "BAR"]
[SourceTitle "EXT 2015"]
[Source "ChessBase"]
[SourceDate "2014.11.20"]
[SourceVersion "1"]
[SourceVersionDate "2014.11.20"]
[SourceQuality "1"]

1. c4 e5 2. Nc3 Nc6 3. g3 Bc5 4. Bg2 Nge7 5. a3 a5 6. e3 d6 7. Nge2 Nf5 8. Nb5 Qe7 9. 0-0 0-0 10. d4 Bb6 11. d5 Nb8 12. e4 Nh6 13. Bxh6 gxh6 14. Qd2 Kg7 15. Kh1 Nd7 16. h3 Nc5 17. Rad1 f5 18. Nec3 f4 19. Qe2 a4 20. Rg1 Kh8 21. g4 h5 22. gxh5 Qh4 23. Qf3 Rg8 24. Bf1 Bd7 25. Rd2 Rxg1+ 26. Kxg1 Rg8+ 27. Kh1 Bg4 0-1

[Event "Minneapolis HB Global op"]
[Site "Minneapolis"]
[Date "2005.05.19"]
[Round "2"]
[White "Corbin, Philip"]
[Black "Kudrin, Sergey"]
[Result "0-1"]
[WhiteElo "2261"]
[BlackElo "2554"]
[PlyCount "120"]
[EventDate "2005.05.18"]
[EventType "swiss"]
[EventRounds "9"]
[EventCountry "USA"]
[SourceTitle "CBM 107"]
[Source "ChessBase"]
[SourceDate "2005.08.01"]
[SourceVersion "1"]
[SourceVersionDate "2005.08.01"]
[SourceQuality "1"]

1. e4 c5 2. d4 cxd4 3. c3 d3 4. c4 d6 5. Bxd3 Nf6 6. Nc3 g6 7. b3 Bg7 8. Bb2 0-0 9. Nge2 Nbd7 10. Bc2 b6 11. 0-0 Bb7 12. f3 a6 13. a4 Qc7 14. Qd2 Rac8 15. Rfd1 Rfe8 16. Kh1 Qc5 17. Ba3 Qh5 18. Nf4 Qh6 19. Ra2 Ng4 20. fxg4 Bxc3 21. Qxc3 Qxf4 22. Qf3 Qxf3 23. gxf3 Ne5 24. Kg2 b5 25. axb5 axb5 26. Bb2 bxc4 27. Bxe5 dxe5 28. Ra7 Ba8 29. bxc4 Rxc4 30. Ba4 Bc6 31. Bxc6 Rxc6 32. Rdd7 Kf8 33. g5 Re6 34. Kg3 Kg7 35. h4 h6 36. Kg4 f6 37. Rab7 Kf7 38. Ra7 Rh8 39. gxf6 Kxf6 40. Rab7 Rg8 41. Rd5 h5+ 42. Kg3 g5 43. hxg5+ Rxg5+ 44. Kh4 Rg1 45. Rb8 Kf7 46. Rd2 Rh1+ 47. Kg3 Rg6+ 48. Kf2 Rh2+ 49. Ke3 Rxd2 50. Kxd2 Rh6 51. Ke3 h4 52. Rb2 Kf6 53. f4 h3 54. Rh2 Rh4 55. fxe5+ Kxe5 56. Kf3 Kd4 57. Rd2+ Kc3 58. Rh2 e5 59. Ke3 Rh8 60. Rh1 h2 0-1

[Event "Bridgetown Heroes Day-A"]
[Site "Bridgetown"]
[Date "2005.05.01"]
[Round "8"]
[White "Corbin, Philip"]
[Black "Neubauer, Martin"]
[Result "0-1"]
[WhiteElo "2261"]
[BlackElo "2457"]
[PlyCount "70"]
[EventDate "2005.04.28"]
[EventType "tourn"]
[EventRounds "10"]
[EventCountry "BAR"]
[EventCategory "4"]
[SourceTitle "CBM 106 Extra"]
[Source "ChessBase"]
[SourceDate "2005.07.01"]
[SourceVersion "1"]
[SourceVersionDate "2005.07.01"]
[SourceQuality "1"]

1. b4 d5 2. Bb2 Nf6 3. e3 Bf5 4. f4 e6 5. b5 c6 6. a4 Nbd7 7. Nf3 Qc7 8. Na3 Bd6 9. c4 c5 10. cxd5 exd5 11. Rc1 h6 12. Qb3 g5 13. Bd3 Bg4 14. b6 Qxb6 15. Bb5 Ke7 16. Ne5 Be6 17. Nxd7 Nxd7 18. Bxh8 Rxh8 19. Qc3 Rg8 20. a5 Qc7 21. Bxd7 Bxd7 22. 0-0 gxf4 23. exf4 Bxf4 24. Rce1+ Be6 25. Rxf4 Qxf4 26. Qxc5+ Qd6 27. Qe3 d4 28. Qf3 Qc6 29. Qf2 Rg5 30. g3 Rxa5 31. Nb1 Qb6 32. d3 Ra1 33. Nd2 Rxe1+ 34. Qxe1 Qa5 35. Qc1 Qc3 0-1

[Event "Bridgetown Heroes Day-A"]
[Site "Bridgetown"]
[Date "2005.04.29"]
[Round "3"]
[White "Neubauer, Martin"]
[Black "Corbin, Philip"]
[Result "1-0"]
[WhiteElo "2457"]
[BlackElo "2261"]
[PlyCount "83"]
[EventDate "2005.04.28"]
[EventType "tourn"]
[EventRounds "10"]
[EventCountry "BAR"]
[EventCategory "4"]
[SourceTitle "CBM 106 Extra"]
[Source "ChessBase"]
[SourceDate "2005.07.01"]
[SourceVersion "1"]
[SourceVersionDate "2005.07.01"]
[SourceQuality "1"]

1. d4 d5 2. c4 Bf5 3. Nc3 e6 4. Nf3 Nc6 5. cxd5 exd5 6. Bf4 Nf6 7. e3 Bb4 8. Bd3 Ne4 9. Qc2 0-0 10. 0-0 Re8 11. Rfe1 Rc8 12. Nd2 Bxc3 13. bxc3 Bg6 14. Nxe4 Bxe4 15. Bxe4 Rxe4 16. Rab1 Na5 17. c4 Nxc4 18. Rxb7 a5 19. Qb1 Re6 20. Qb5 h6 21. Qc5 c6 22. h3 Qf8 23. Qxf8+ Kxf8 24. Reb1 Re7 25. g4 Nd2 26. Bd6 Nxb1 27. Bxe7+ Ke8 28. Bc5 Nc3 29. Re7+ Kd8 30. Rxf7 Nxa2 31. Rxg7 Nc3 32. Bb6+ Ke8 33. Bxa5 Ne4 34. Bb4 Nf6 35. Re7+ Kd8 36. Rf7 Nd7 37. Rh7 Kc7 38. Rxh6 Ra8 39. Bd6+ Kb7 40. Rh7 Ra1+ 41. Kg2 Kc8 42. g5 1-0

[Event "Bridgetown Heroes Day-A"]
[Site "Bridgetown"]
[Date "2005.04.28"]
[Round "1"]
[White "Corbin, Philip"]
[Black "Warner, Delisle"]
[Result "1-0"]
[WhiteElo "2261"]
[BlackElo "2255"]
[PlyCount "83"]
[EventDate "2005.04.28"]
[EventType "tourn"]
[EventRounds "10"]
[EventCountry "BAR"]
[EventCategory "4"]
[SourceTitle "CBM 106 Extra"]
[Source "ChessBase"]
[SourceDate "2005.07.01"]
[SourceVersion "1"]
[SourceVersionDate "2005.07.01"]
[SourceQuality "1"]

1. e4 e6 2. Nf3 d5 3. e5 c5 4. b4 cxb4 5. a3 Nc6 6. axb4 Bxb4 7. c3 Be7 8. d4 f6 9. Bd3 f5 10. h4 Qc7 11. Na3 Nxd4 12. Qa4+ Nc6 13. Nb5 Qb8 14. Ba3 Bxa3 15. Rxa3 Bd7 16. Qf4 Nge7 17. Nd6+ Kf8 18. h5 Nc8 19. h6 g6 20. Nb5 N8e7 21. 0-0 Nd8 22. Nd6 Nf7 23. Rb1 b6 24. Ba6 g5 25. Nxg5 Ng6 26. Qb4 Nxd6 27. exd6 e5 28. c4 d4 29. c5 Qd8 30. Rg3 f4 31. Nxh7+ Rxh7 32. Rxg6 Bf5 33. c6 Bxg6 34. c7 Qd7 35. c8Q+ Rxc8 36. Bxc8 a5 37. Qa3 Bxb1 38. Bxd7 Rxd7 39. Qc1 Bf5 40. Qc8+ Kf7 41. h7 Bxh7 42. Qxd7+ 1-0

[Event "Olympiad-36"]
[Site "Mallorca"]
[Date "2004.10.29"]
[Round "14"]
[White "Zullkafli, Zarul Shazwan"]
[Black "Corbin, Philip"]
[Result "1/2-1/2"]
[WhiteElo "2020"]
[BlackElo "2242"]
[PlyCount "127"]
[EventDate "2004.10.15"]
[EventType "team-swiss"]
[EventRounds "14"]
[EventCountry "ESP"]
[SourceTitle "CBM 104"]
[Source "ChessBase"]
[SourceDate "2005.01.27"]
[SourceVersion "1"]
[SourceVersionDate "2005.01.27"]
[SourceQuality "1"]
[WhiteTeam "Malaysia"]
[BlackTeam "Barbados"]
[WhiteTeamCountry "MAS"]
[BlackTeamCountry "BAR"]

1. e4 e5 2. Bc4 Nf6 3. d3 Nc6 4. Nf3 Bc5 5. c3 0-0 6. 0-0 d6 7. b4 Bb6 8. a4 a5 9. b5 Ne7 10. Bg5 Ng6 11. Ra2 h6 12. Be3 d5 13. exd5 Nxd5 14. Bxd5 Qxd5 15. c4 Qd6 16. Nc3 Be6 17. Rd2 Qb4 18. Qc2 Rad8 19. Rb1 Qe7 20. Re1 Bd4 21. Bxd4 exd4 22. Ne2 Qf6 23. Rdd1 Bg4 24. Nd2 Rfe8 25. Ne4 Qh4 26. f3 Be6 27. N2g3 f5 28. Nc5 Bc8 29. Qd2 f4 30. Nge4 Re5 31. Qf2 b6 32. Nb3 Qxf2+ 33. Nxf2 Re3 34. Ne4 Ne5 35. Nc1 Bf5 36. Kf2 Kf7 37. Re2 g5 38. h3 Kg6 39. Rc2 h5 40. c5 g4 41. cxb6 cxb6 42. hxg4 hxg4 43. Ne2 Bxe4 44. dxe4 Kg5 45. Nxd4 Kf6 46. Rcd2 gxf3 47. Nxf3 Rxd2+ 48. Rxd2 Ng4+ 49. Kf1 Rxe4 50. Rd6+ Re6 51. Rd4 Kf5 52. Rd8 Re4 53. Rf8+ Nf6 54. Nh4+ Ke6 55. Rb8 Nd7 56. Re8+ Kd5 57. Rd8 Ke6 58. Re8+ Kd5 59. Rd8 Kd6 60. Nf5+ Kc7 61. Rc8+ Kxc8 62. Nd6+ Kd8 63. Nxe4 Ke7 64. Kf2 1/2-1/2

[Event "Olympiad-36"]
[Site "Mallorca"]
[Date "2004.10.26"]
[Round "11"]
[White "Corbin, Philip"]
[Black "Gajadin, Dewperkash"]
[Result "1-0"]
[WhiteElo "2242"]
[BlackElo "2207"]
[PlyCount "173"]
[EventDate "2004.10.15"]
[EventType "team-swiss"]
[EventRounds "14"]
[EventCountry "ESP"]
[SourceTitle "CBM 104"]
[Source "ChessBase"]
[SourceDate "2005.01.27"]
[SourceVersion "1"]
[SourceVersionDate "2005.01.27"]
[SourceQuality "1"]
[WhiteTeam "Barbados"]
[BlackTeam "Surinam"]
[WhiteTeamCountry "BAR"]
[BlackTeamCountry "SUR"]

1. e4 e5 2. d4 exd4 3. c3 dxc3 4. Bc4 d6 5. Nxc3 Nc6 6. Nf3 Be6 7. Bxe6 fxe6 8. Qb3 Qd7 9. Qxb7 Rb8 10. Qa6 Nf6 11. 0-0 Rb6 12. Qe2 Be7 13. Rd1 0-0 14. e5 Ne8 15. Na4 Rb4 16. Nc5 Qc8 17. exd6 Bxd6 18. Qxe6+ Qxe6 19. Nxe6 Rf6 20. Ned4 Nxd4 21. Rxd4 Rb5 22. Re4 Rf8 23. Re2 Nf6 24. Be3 a6 25. Bd4 Nd5 26. b3 Nf4 27. Re4 Rd5 28. Be3 h6 29. g3 Nh5 30. Kg2 Nf6 31. Rd4 Re8 32. Rad1 Ra5 33. a4 Bc5 34. Bd2 Bxd4 35. Bxa5 Ba7 36. Bxc7 Ng4 37. Rd8 Rxd8 38. Bxd8 Nxf2 39. b4 Ng4 40. Nd2 Kf7 41. b5 axb5 42. axb5 Ke8 43. Bc7 Ne3+ 44. Kf3 Nd5 45. Be5 g6 46. Ke4 Ne7 47. Nc4 Nc8 48. Bc7 Bg1 49. b6 Nxb6 50. Bxb6 Bxh2 51. Kf3 h5 52. Kg2 Bxg3 53. Kxg3 Kf7 54. Kf4 Ke6 55. Ne3 h4 56. Kg4 g5 57. Bd8 h3 58. Kxh3 g4+ 59. Kxg4 Ke5 60. Kf3 Kd4 61. Bf6+ Kc5 62. Ke4 Kc6 63. Ke5 Kb5 64. Kd5 Kb6 65. Be5 Kb5 66. Nc2 Kb6 67. Nd4 Kb7 68. Kc5 Ka6 69. Kc6 Ka7 70. Nb5+ Ka8 71. Nc7+ Kb8 72. Bd4 Kc8 73. Na6 Kd8 74. Be5 Kc8 75. Nc5 Kd8 76. Na4 Kc8 77. Nb6+ Kd8 78. Kd6 Ke8 79. Ke6 Kd8 80. Bf4 Ke8 81. Bg5 Kf8 82. Bf6 Ke8 83. Nc4 Kf8 84. Nd6 Kg8 85. Kf5 Kf8 86. Kg6 Kg8 87. Be7 1-0

[Event "Olympiad-36"]
[Site "Mallorca"]
[Date "2004.10.25"]
[Round "10"]
[White "Saeheng, Boonsueb"]
[Black "Corbin, Philip"]
[Result "1-0"]
[WhiteElo "2242"]
[BlackElo "2242"]
[PlyCount "97"]
[EventDate "2004.10.15"]
[EventType "team-swiss"]
[EventRounds "14"]
[EventCountry "ESP"]
[SourceTitle "CBM 104"]
[Source "ChessBase"]
[SourceDate "2005.01.27"]
[SourceVersion "1"]
[SourceVersionDate "2005.01.27"]
[SourceQuality "1"]
[WhiteTeam "Thailand"]
[BlackTeam "Barbados"]
[WhiteTeamCountry "THA"]
[BlackTeamCountry "BAR"]

1. Nf3 f5 2. d4 Nf6 3. c4 e6 4. g3 d6 5. Bg2 Be7 6. 0-0 0-0 7. Nc3 Qe8 8. Nd2 e5 9. e4 Nc6 10. d5 Nd4 11. b4 Qg6 12. a4 Rf7 13. Re1 fxe4 14. Ncxe4 Bg4 15. Nxf6+ Qxf6 16. Ne4 Qg6 17. Qd3 Nf3+ 18. Bxf3 Bxf3 19. Ra3 Qg4 20. Nd2 Raf8 21. Nxf3 Rxf3 22. Qe2 h5 23. h3 Qf5 24. Rxf3 Qxf3 25. Qxf3 Rxf3 26. Be3 g5 27. Kg2 Rf8 28. g4 h4 29. a5 a6 30. b5 Ra8 31. bxa6 bxa6 32. Rb1 Kf7 33. Rb7 Bd8 34. Kf3 Kg6 35. Ke4 Kf6 36. c5 Rc8 37. Bd2 Be7 38. Ra7 dxc5 39. Rxa6+ Bd6 40. Be3 c4 41. Rc6 c3 42. a6 Ra8 43. a7 Kf7 44. Rxc3 c5 45. dxc6 Bc7 46. Rd3 Kf6 47. Rd7 Rc8 48. Rxc7 Rxc7 49. a8Q 1-0